[Event "Mittelfrank Regionalliga Nord-Ost 2223"]
[Site "Mittelfranken"]
[Date "2023.03.05"]
[Round "7.7"]
[White "Bock, Helmar"]
[Black "Berntgen, Henri"]
[Result "0-1"]
[WhiteElo "1988"]
[BlackElo "1857"]
[PlyCount "62"]
[EventDate "2022.10.09"]
[EventType "team-tourn"]
[EventRounds "9"]
[EventCountry "GER"]
[SourceTitle "EXT 2024"]
[Source "ChessBase"]
[SourceDate "2023.10.10"]
[SourceVersion "1"]
[SourceVersionDate "2023.10.10"]
[SourceQuality "1"]
[WhiteTeam "Herzogenaurach II"]
[BlackTeam "Nuernberg Sued SW"]
[WhiteTeamCountry "GER"]
[BlackTeamCountry "GER"]

1. d4 Nf6 2. Nf3 e6 3. c4 Bb4+ 4. Nc3 b6 5. Bg5 Bb7 6. e3 h6 7. Bh4 g5 8. Bg3 Ne4 9. Rc1 Bxc3+ 10. bxc3 Nxg3 11. hxg3 d6 12. Qa4+ Bc6 13. Qb3 Qf6 14. d5 Bd7 15. Qa3 a5 16. Be2 Na6 17. Nd2 Nc5 18. Rc2 e5 19. Nb3 Nb7 20. Nc1 Qg6 21. Rd2 h5 22. Qb2 Ke7 23. Qc2 f5 24. Qd1 h4 25. g4 Raf8 26. gxf5 Bxf5 27. Bg4 Nc5 28. Bxf5 Qxf5 29. f3 h3 30. Rg1 h2 31. Rh1 g4 0-1

[Event "Mittelfrank Regionalliga Nord-Ost 2223"]
[Site "Mittelfranken"]
[Date "2022.11.27"]
[Round "3.6"]
[White "Maettig, Stefan"]
[Black "Berntgen, Henri"]
[Result "1-0"]
[WhiteElo "1916"]
[BlackElo "1857"]
[PlyCount "61"]
[EventDate "2022.10.09"]
[EventType "team-tourn"]
[EventRounds "9"]
[EventCountry "GER"]
[SourceTitle "EXT 2024"]
[Source "ChessBase"]
[SourceDate "2023.10.10"]
[SourceVersion "1"]
[SourceVersionDate "2023.10.10"]
[SourceQuality "1"]
[WhiteTeam "Nuernberg Noris Tarrasch III"]
[BlackTeam "Nuernberg Sued SW II"]
[WhiteTeamCountry "GER"]
[BlackTeamCountry "GER"]

1. e4 Nf6 2. e5 Nd5 3. Nc3 Nb6 4. d4 d6 5. Be3 Nc6 6. f4 Bf5 7. Bd3 dxe5 8. fxe5 Bxd3 9. Qxd3 e6 10. Nf3 Nb4 11. Qe4 N6d5 12. Bg5 Qd7 13. a3 Nxc3 14. bxc3 Qd5 15. Qe2 Nc6 16. 0-0 h6 17. Be3 Na5 18. Nd2 Be7 19. a4 Qc6 20. Qd3 Rd8 21. Rf3 Qd7 22. Raf1 f5 23. exf6 Bxf6 24. Ne4 Rf8 25. Nxf6+ Rxf6 26. Rxf6 gxf6 27. Rxf6 Qg7 28. Rxe6+ Kd7 29. Qf5 Rf8 30. Rf6+ Ke7 31. Qe5+ 1-0

[Event "Mittelfrank Regionalliga Nord-Ost 2223"]
[Site "Mittelfranken"]
[Date "2022.10.23"]
[Round "2.6"]
[White "Berntgen, Henri"]
[Black "Reichmann, Ulrich"]
[Result "1/2-1/2"]
[WhiteElo "1857"]
[BlackElo "1891"]
[PlyCount "58"]
[EventDate "2022.10.09"]
[EventType "team-tourn"]
[EventRounds "9"]
[EventCountry "GER"]
[SourceTitle "EXT 2024"]
[Source "ChessBase"]
[SourceDate "2023.10.10"]
[SourceVersion "1"]
[SourceVersionDate "2023.10.10"]
[SourceQuality "1"]
[WhiteTeam "Nuernberg Sued SW II"]
[BlackTeam "Heng Postbauer"]
[WhiteTeamCountry "GER"]
[BlackTeamCountry "GER"]

1. b4 d5 2. Bb2 Nf6 3. e3 g6 4. Nf3 Bg7 5. c4 c6 6. Be2 0-0 7. 0-0 Nbd7 8. b5 Qc7 9. Na3 e5 10. Qc1 e4 11. Ne1 c5 12. cxd5 Nxd5 13. Bxg7 Kxg7 14. Qc4 Qe5 15. Nec2 N5b6 16. Qb3 Nf6 17. d4 Qe7 18. dxc5 Qxc5 19. Nd4 Bg4 20. Rfc1 Qh5 21. Bxg4 Nxg4 22. h3 Ne5 23. Rc7 Nf3+ 24. gxf3 exf3 25. Ne6+ Kh6 26. Nf4 Qg5+ 27. Kh2 Rad8 28. Rg1 Qh4 29. Rc5 Rd2 1/2-1/2

[Event "Mittelfrank Regionalliga Nord-Ost 2223"]
[Site "Mittelfranken"]
[Date "2022.10.09"]
[Round "1.7"]
[White "Berntgen, Henri"]
[Black "Ludwig, Michael1111"]
[Result "0-1"]
[WhiteElo "1857"]
[BlackElo "1850"]
[PlyCount "162"]
[EventDate "2022.10.09"]
[EventType "team-tourn"]
[EventRounds "9"]
[EventCountry "GER"]
[SourceTitle "EXT 2024"]
[Source "ChessBase"]
[SourceDate "2023.10.10"]
[SourceVersion "1"]
[SourceVersionDate "2023.10.10"]
[SourceQuality "1"]
[WhiteTeam "Nuernberg Sued SW II"]
[BlackTeam "Buechenbach/Roth"]
[WhiteTeamCountry "GER"]
[BlackTeamCountry "GER"]

1. b4 d5 2. Bb2 e6 3. e3 f5 4. c4 Nf6 5. a3 c6 6. Nf3 Bd6 7. Qc2 0-0 8. h4 Qe8 9. Nc3 Bd7 10. Be2 a5 11. Na4 axb4 12. Nb6 Ra5 13. axb4 Rxa1+ 14. Bxa1 Bxb4 15. Qb3 Bd6 16. 0-0 Bc8 17. Rb1 Rf7 18. Qa4 Nbd7 19. Qa8 Nxb6 20. Rxb6 Rf8 21. Rb1 f4 22. Ne5 fxe3 23. dxe3 Ne4 24. Bf3 Nd2 25. Rd1 Nxf3+ 26. Nxf3 Qh5 27. Qa2 Kh8 28. Qb2 Qg4 29. Rd4 Qg6 30. h5 Qf6 31. Qb1 e5 32. Rh4 Bf5 33. Qb2 Re8 34. Rh1 h6 35. c5 Bxc5 36. Nxe5 Qe7 37. g4 Be4 38. Rh3 Bd6 39. Ng6+ Bxg6 40. hxg6 Be5 41. Qxe5 Qxe5 42. Bxe5 Rxe5 43. f4 Re4 44. Kf2 Kg8 45. Kf3 Kf8 46. Rh5 b5 47. Rf5+ Ke8 48. Rh5 b4 49. Rh1 b3 50. Rb1 Rb4 51. Ke2 c5 52. Kd3 Re4 53. Ra1 c4+ 54. Kd2 Re7 55. Ra8+ Kd7 56. f5 Kd6 57. Rf8 Rb7 58. Kc1 c3 59. Rc8 c2 60. Kb2 Ke5 61. Re8+ Kf6 62. Rf8+ Kg5 63. Rf7 Rb6 64. Rc7 Kxg4 65. f6 gxf6 66. g7 Rb8 67. Ra7 Rc8 68. Ra1 Kf3 69. Kxb3 Kxe3 70. Rg1 Rg8 71. Kxc2 f5 72. Rg3+ Ke2 73. Rg2+ Kf3 74. Rg6 h5 75. Kd3 h4 76. Rg5 Kf4 77. Rg1 h3 78. Rg6 Kf3 79. Rh6 Rxg7 80. Rxh3+ Rg3 81. Rh8 Kg2+ 0-1

[Event "Mittelfrank Regionalliga Nord-Ost 2122"]
[Site "Mittelfranken"]
[Date "2022.05.15"]
[Round "5.7"]
[White "Schoen, Rudolf"]
[Black "Berntgen, Henri"]
[Result "0-1"]
[WhiteElo "1864"]
[BlackElo "1830"]
[PlyCount "64"]
[EventDate "2021.10.24"]
[EventType "team-tourn"]
[EventRounds "9"]
[EventCountry "GER"]
[SourceTitle "EXT 2024"]
[Source "ChessBase"]
[SourceDate "2023.10.10"]
[SourceVersion "1"]
[SourceVersionDate "2023.10.10"]
[SourceQuality "1"]
[WhiteTeam "Windischeschenbach"]
[BlackTeam "Nuernberg Sued SW II"]
[WhiteTeamCountry "GER"]
[BlackTeamCountry "GER"]

1. e4 Nf6 2. e5 Nd5 3. d4 d6 4. c4 Nb6 5. f4 g6 6. Nc3 Bg7 7. Be3 Be6 8. d5 Bc8 9. Nf3 Bg4 10. Bd4 c5 11. dxc6 Nxc6 12. c5 Bxf3 13. gxf3 dxe5 14. Bxe5 Bxe5 15. fxe5 Qxd1+ 16. Rxd1 Nd7 17. Nd5 0-0-0 18. b4 e6 19. b5 exd5 20. bxc6 bxc6 21. Bh3 Kc7 22. Bxd7 Rxd7 23. Kf2 Rb8 24. Rb1 Rdd8 25. f4 Rxb1 26. Rxb1 Rb8 27. Re1 Kd7 28. Kg3 Ke6 29. Re2 Rb5 30. Rc2 d4 31. Rc4 Kd5 32. Ra4 a5 0-1

[Event "Landesliga U20 Nord 1718"]
[Site "Bayern"]
[Date "2018.03.10"]
[Round "6.2"]
[White "Stoeckl, Maximilian"]
[Black "Berntgen, Henri"]
[Result "1/2-1/2"]
[WhiteElo "1705"]
[BlackElo "1753"]
[PlyCount "25"]
[EventDate "2017.11.18"]
[EventType "team-tourn"]
[EventRounds "7"]
[EventCountry "GER"]
[SourceTitle "EXT 2022"]
[Source "ChessBase"]
[SourceDate "2021.10.06"]
[SourceVersion "1"]
[SourceVersionDate "2021.10.06"]
[SourceQuality "1"]
[WhiteTeam "Schwandorf U20"]
[BlackTeam "Nuernberg Sued SW U20"]
[WhiteTeamCountry "GER"]
[BlackTeamCountry "GER"]

1. d4 b5 2. e3 a6 3. Nf3 Bb7 4. Bd3 e6 5. 0-0 Nf6 6. b3 c5 7. dxc5 Bxc5 8. Bb2 Nc6 9. Nbd2 d5 10. c3 h6 11. Qe2 Qe7 12. c4 bxc4 13. bxc4 1/2-1/2

[Event "Landesliga U20 Nord 1718"]
[Site "Bayern"]
[Date "2017.12.02"]
[Round "2.2"]
[White "Berntgen, Henri"]
[Black "Loew, Leonid"]
[Result "1-0"]
[WhiteElo "1753"]
[BlackElo "1344"]
[PlyCount "75"]
[EventDate "2017.11.18"]
[EventType "team-tourn"]
[EventRounds "7"]
[EventCountry "GER"]
[SourceTitle "EXT 2022"]
[Source "ChessBase"]
[SourceDate "2021.10.06"]
[SourceVersion "1"]
[SourceVersionDate "2021.10.06"]
[SourceQuality "1"]
[WhiteTeam "Nuernberg Sued SW U20"]
[BlackTeam "Allersberger SC U20"]
[WhiteTeamCountry "GER"]
[BlackTeamCountry "GER"]

1. b4 e5 2. Bb2 d6 3. e3 Nf6 4. Be2 Be6 5. Nf3 Be7 6. 0-0 0-0 7. c4 Nbd7 8. Qc2 Re8 9. Nc3 Nf8 10. d4 exd4 11. Nxd4 Bd7 12. Nd5 Nxd5 13. cxd5 Rc8 14. b5 Bf6 15. a4 Bxd4 16. Bxd4 b6 17. Rfc1 Ng6 18. Bd3 Qe7 19. a5 Red8 20. axb6 cxb6 21. Qb2 Ne5 22. Be2 Rxc1+ 23. Rxc1 Rc8 24. Bxe5 Qxe5 25. Rxc8+ Bxc8 26. Qc1 Qe8 27. Qc6 Qd7 28. e4 g6 29. h3 Qd8 30. f4 h5 31. e5 dxe5 32. fxe5 Kf8 33. d6 Qe8 34. Qc3 f6 35. exf6 Qxe2 36. Qxc8+ Kf7 37. Qc7+ Ke6 38. Qe7+ 1-0

[Event "Mittelfranken Mitte-ch"]
[Site "Nuremberg"]
[Date "2017.01.08"]
[Round "7"]
[White "Walch, Roger"]
[Black "Berntgen, Henri"]
[Result "1/2-1/2"]
[WhiteElo "1701"]
[BlackElo "1537"]
[PlyCount "54"]
[EventDate "2017.01.05"]
[EventType "swiss"]
[EventRounds "7"]
[EventCountry "GER"]
[SourceTitle "EXT 2018"]
[Source "ChessBase"]
[SourceDate "2017.10.13"]
[SourceVersion "1"]
[SourceVersionDate "2017.10.13"]
[SourceQuality "1"]

1. e4 Nf6 2. e5 Nd5 3. c4 Nb6 4. d4 d6 5. exd6 exd6 6. Be2 Nc6 7. Nc3 Be7 8. Nf3 Bg4 9. b3 Bf6 10. Be3 Qe7 11. Rc1 0-0 12. 0-0 g6 13. Qd2 Rfe8 14. h3 Bxf3 15. Bxf3 Bg7 16. Rfe1 Qd7 17. Rcd1 a6 18. Qc1 Nc8 19. c5 N8e7 20. Bg4 Nf5 21. Nd5 Nce7 22. Nxe7+ Rxe7 23. d5 dxc5 24. Qxc5 Rae8 25. Re2 h5 26. Bxf5 Qxf5 27. Red2 Be5 1/2-1/2

[Event "Nuremberg Zabo op 15th"]
[Site "Nuremberg"]
[Date "2013.09.21"]
[Round "3"]
[White "Berntgen, Henri"]
[Black "Forche, Peter"]
[Result "1-0"]
[WhiteElo "1571"]
[BlackElo "1362"]
[PlyCount "103"]
[EventDate "2013.09.20"]
[EventType "swiss"]
[EventRounds "5"]
[EventCountry "GER"]
[SourceTitle "EXT 2016"]
[Source "ChessBase"]
[SourceDate "2015.10.08"]
[SourceVersion "1"]
[SourceVersionDate "2015.10.08"]
[SourceQuality "1"]

1. b4 e6 2. Bb2 d5 3. e3 Nf6 4. a3 Bd7 5. c4 dxc4 6. Bxc4 Be7 7. Qc2 0-0 8. Nf3 Bc6 9. Bd3 Bxf3 10. gxf3 Nbd7 11. Rg1 Re8 12. Bxh7+ Kh8 13. Be4 c6 14. Nc3 Nxe4 15. Nxe4 Bf6 16. Nxf6 Nxf6 17. 0-0-0 b5 18. Rg3 Nh5 19. Rh3 Qg5 20. Qe4 Kg8 21. Qg4 Qxg4 22. fxg4 Nf6 23. Bxf6 gxf6 24. Kb2 Red8 25. d4 e5 26. Rh5 a5 27. Rf5 Kg7 28. f4 Rd5 29. h4 axb4 30. axb4 Rc8 31. Rc1 Rd6 32. fxe5 fxe5 33. Rxe5 f6 34. Re4 Kg6 35. Rc5 Rh8 36. h5+ Kf7 37. Rf5 Rh6 38. Ref4 Re6 39. g5 Rxh5 40. Rxf6+ Rxf6 41. Rxf6+ Ke7 42. Rxc6 Rxg5 43. Rc5 Rg3 44. Rxb5 Rxe3 45. Re5+ Rxe5 46. dxe5 Ke6 47. Kc3 Kxe5 48. Kc4 Kd6 49. Kb5 Kc7 50. Ka6 Kc6 51. b5+ Kc7 52. Ka7 1-0

[Event "Mittelfranken Mitte-ch 1112"]
[Site "Zirndorf"]
[Date "2012.01.07"]
[Round "4"]
[White "Ahlich, Thomas"]
[Black "Berntgen, Henri"]
[Result "1-0"]
[WhiteElo "1757"]
[BlackElo "1548"]
[PlyCount "125"]
[EventDate "2012.01.05"]
[EventType "swiss"]
[EventRounds "7"]
[EventCountry "GER"]
[SourceTitle "EXT 2015"]
[Source "ChessBase"]
[SourceDate "2014.11.20"]
[SourceVersion "1"]
[SourceVersionDate "2014.11.20"]
[SourceQuality "1"]

1. Nf3 Nf6 2. b3 g6 3. Bb2 Bg7 4. c4 0-0 5. g3 b6 6. Bg2 Bb7 7. b4 d6 8. 0-0 c5 9. b5 Nbd7 10. Nc3 Rb8 11. a4 d5 12. Nxd5 Nxd5 13. Bxg7 Kxg7 14. cxd5 Bxd5 15. Ra3 e5 16. d3 Qe7 17. Qa1 Kg8 18. Nd2 Bxg2 19. Kxg2 Qe6 20. Qa2 Rfe8 21. Qxe6 Rxe6 22. Rfa1 f5 23. a5 Rb7 24. Nc4 Nf6 25. axb6 axb6 26. Ra8+ Kg7 27. R1a6 Nd5 28. Rc8 Nc7 29. Rxb6 Rexb6 30. Nxb6 Nxb5 31. Nc4 Rc7 32. Rxc7+ Nxc7 33. Nxe5 Ne6 34. f4 Kf6 35. e3 Ke7 36. Kf3 Kf6 37. h4 h6 38. Ke2 g5 39. Kd2 g4 40. Kc3 Ke7 41. Kc4 Ng7 42. Kxc5 Nh5 43. e4 Ke6 44. d4 Nxg3 45. d5+ Kf6 46. d6 Nxe4+ 47. Kc6 Nxd6 48. Kxd6 g3 49. h5 g2 50. Nf3 Kf7 51. Ke5 Ke7 52. Kxf5 Kf7 53. Ng1 Kg7 54. Ke6 Kg8 55. Ke7 Kg7 56. f5 Kh8 57. f6 Kg8 58. f7+ Kh7 59. Ke8 Kg7 60. f8Q+ Kh7 61. Qf4 Kg8 62. Qg4+ Kh7 63. Kf8 1-0

[Event "Nuremberg Zabo op 12th"]
[Site "Nuremberg"]
[Date "2010.09.19"]
[Round "4"]
[White "Berntgen, Henri"]
[Black "Gude, Michael"]
[Result "0-1"]
[WhiteElo "1438"]
[BlackElo "1639"]
[PlyCount "144"]
[EventDate "2010.09.17"]
[EventType "swiss"]
[EventRounds "5"]
[EventCountry "GER"]
[SourceTitle "EXT 2011"]
[Source "ChessBase"]
[SourceDate "2010.11.26"]
[SourceVersion "1"]
[SourceVersionDate "2010.11.26"]
[SourceQuality "1"]

1. e4 e5 2. Nf3 Nf6 3. Nc3 Bb4 4. d3 Bxc3+ 5. bxc3 Nc6 6. Bg5 Qe7 7. Be2 0-0 8. 0-0 Qe6 9. Re1 h6 10. Bh4 d6 11. h3 b6 12. Nd2 Na5 13. Nb3 Nb7 14. Bf3 a5 15. Bxf6 Qxf6 16. a4 Qg6 17. Kh1 f5 18. Rf1 f4 19. d4 Qg5 20. Qe2 Be6 21. d5 Bd7 22. Bg4 Bxg4 23. Qxg4 Qxg4 24. hxg4 f3 25. Nd2 fxg2+ 26. Kxg2 Rf4 27. f3 g6 28. Kf2 Nc5 29. c4 Raf8 30. Ke3 Kg7 31. Rg1 Kf6 32. Rh1 Rh8 33. Nb3 Nb7 34. Rag1 Kg5 35. Rg3 Nd8 36. Nd2 Nf7 37. Rgh3 Kf6 38. R3h2 Kg7 39. Rh3 Ng5 40. R3h2 Rh7 41. Rg1 Rf8 42. Rgh1 Rfh8 43. Nf1 h5 44. Rh4 hxg4 45. Rxh7+ Rxh7 46. Rxh7+ Kxh7 47. fxg4 Nh3 48. Nh2 Kh6 49. Nf3 Ng5 50. c3 Nh3 51. Ke2 Ng5 52. Ke3 Nf7 53. Kf2 Nd8 54. Ne1 Nb7 55. Nd3 Kg5 56. Kg3 Nc5 57. Nxc5 bxc5 58. Kh3 Kf4 59. Kh4 Kxe4 60. Kg5 Kf3 61. Kxg6 Kxg4 62. Kf6 e4 63. Ke6 e3 64. Kd7 e2 65. Kxc7 e1Q 66. Kxd6 Qxc3 67. Kxc5 Qb4+ 68. Kc6 Qxc4+ 69. Kb6 Qxd5 70. Ka6 Qd2 71. Kb6 Qb4+ 72. Ka6 Kf4 0-1

[Event "Nuremberg Zabo op 12th"]
[Site "Nuremberg"]
[Date "2010.09.18"]
[Round "2"]
[White "Berntgen, Henri"]
[Black "Passon, Marcel"]
[Result "1-0"]
[WhiteElo "1438"]
[BlackElo "1772"]
[PlyCount "75"]
[EventDate "2010.09.17"]
[EventType "swiss"]
[EventRounds "5"]
[EventCountry "GER"]
[SourceTitle "EXT 2011"]
[Source "ChessBase"]
[SourceDate "2010.11.26"]
[SourceVersion "1"]
[SourceVersionDate "2010.11.26"]
[SourceQuality "1"]

1. e4 e5 2. Nf3 Nc6 3. Bc4 Bc5 4. c3 Nf6 5. d4 exd4 6. cxd4 Bb4+ 7. Bd2 Bxd2+ 8. Nbxd2 d5 9. exd5 Nxd5 10. 0-0 0-0 11. Nb3 Bg4 12. h3 Bh5 13. Qd3 Ndb4 14. Qc3 Bxf3 15. Qxf3 Nxd4 16. Nxd4 Qxd4 17. b3 c6 18. Rfd1 Qb2 19. a4 a6 20. Rdc1 Rad8 21. Rd1 Nd5 22. Re1 b5 23. axb5 axb5 24. Bf1 Rfe8 25. Rxe8+ Rxe8 26. Rd1 g6 27. Bxb5 cxb5 28. Qxd5 Re5 29. Qf3 Rc5 30. Re1 Rc3 31. Qf6 Rc1 32. Qxb2 Rxe1+ 33. Kh2 Re4 34. f3 Rf4 35. Qd2 Rf5 36. Qd4 h5 37. f4 h4 38. Qd8+ 1-0

[Event "Mittelfranken Mitte-ch 0910"]
[Site "Zirndorf"]
[Date "2010.01.09"]
[Round "7"]
[White "Berntgen, Henri"]
[Black "Dietrich, Thomas1111"]
[Result "0-1"]
[WhiteElo "1491"]
[BlackElo "1304"]
[PlyCount "54"]
[EventDate "2010.01.03"]
[EventType "swiss"]
[EventRounds "7"]
[EventCountry "GER"]
[SourceTitle "EXT 2015"]
[Source "ChessBase"]
[SourceDate "2014.11.20"]
[SourceVersion "1"]
[SourceVersionDate "2014.11.20"]
[SourceQuality "1"]

1. e4 c5 2. Nf3 d6 3. Nc3 Nc6 4. d4 cxd4 5. Nxd4 e5 6. Nxc6 bxc6 7. Bc4 h6 8. 0-0 Nf6 9. Be3 Be6 10. Bb3 d5 11. exd5 cxd5 12. Ba4+ Bd7 13. Bxd7+ Qxd7 14. Re1 Bb4 15. Bd2 Bd6 16. a3 0-0 17. h3 Rfe8 18. Ne2 d4 19. Bb4 Bc7 20. Qd3 Rad8 21. c3 a5 22. Bc5 Qd5 23. b4 Nd7 24. cxd4 Nxc5 25. bxc5 exd4 26. Nxd4 Rxe1+ 27. Rxe1 Qxd4 0-1

[Event "Mittelfranken Mitte-ch 0910"]
[Site "Zirndorf"]
[Date "2010.01.03"]
[Round "1"]
[White "Berntgen, Henri"]
[Black "Wittmann, Norbert"]
[Result "0-1"]
[WhiteElo "1491"]
[BlackElo "1733"]
[PlyCount "36"]
[EventDate "2010.01.03"]
[EventType "swiss"]
[EventRounds "7"]
[EventCountry "GER"]
[SourceTitle "EXT 2015"]
[Source "ChessBase"]
[SourceDate "2014.11.20"]
[SourceVersion "1"]
[SourceVersionDate "2014.11.20"]
[SourceQuality "1"]

1. e4 d5 2. exd5 Nf6 3. Nf3 Nxd5 4. Bc4 Bg4 5. d3 e6 6. 0-0 Nc6 7. Re1 Be7 8. Bxd5 Qxd5 9. Nc3 Qd7 10. Ne4 0-0-0 11. Be3 f5 12. Nc5 Qd6 13. Nb3 e5 14. Qc1 Bxf3 15. gxf3 Qd5 16. Qd1 g5 17. Qe2 h5 18. h3 f4 0-1

[Event "Nuremberg Zabo op 11th"]
[Site "Nuremberg"]
[Date "2009.09.19"]
[Round "3"]
[White "Berntgen, Henri"]
[Black "Klein, Markus"]
[Result "0-1"]
[WhiteElo "1272"]
[BlackElo "1525"]
[PlyCount "76"]
[EventDate "2009.09.18"]
[EventType "swiss"]
[EventRounds "5"]
[EventCountry "GER"]
[SourceTitle "EXT 2012"]
[Source "ChessBase"]
[SourceDate "2011.11.24"]
[SourceVersion "1"]
[SourceVersionDate "2011.11.24"]
[SourceQuality "1"]

1. e4 c5 2. Nf3 d6 3. Nc3 Nf6 4. d4 cxd4 5. Nxd4 a6 6. a4 b6 7. Be3 Bb7 8. f3 e6 9. Nde2 Nc6 10. Ng3 Be7 11. Bd3 Ne5 12. 0-0 d5 13. exd5 Nxd5 14. Nxd5 Bxd5 15. Be4 Bxe4 16. Qxd8+ Rxd8 17. Nxe4 Nc4 18. Bf2 f5 19. Ng3 Kf7 20. b3 Nd2 21. Rfd1 Bf6 22. Bxb6 Rd6 23. Bc5 Rd5 24. Bb4 Bxa1 25. Rxa1 a5 26. Bxd2 Rxd2 27. Nf1 Rxc2 28. Ne3 Rc3 29. Nc4 Rxb3 30. Nxa5 Rb4 31. Nc6 Rb6 32. Ne5+ Ke7 33. a5 Ra6 34. Rd1 Rd8 35. Rc1 Ke8 36. f4 Rxa5 37. Nc6 Rc8 38. Nxa5 Rxc1+ 0-1

[Event "Mittelfranken-ch NT 58th"]
[Site "Postbauer"]
[Date "2009.04.10"]
[Round "6"]
[White "Berntgen, Henri"]
[Black "Bruder, Heinz"]
[Result "0-1"]
[WhiteElo "1285"]
[BlackElo "1634"]
[PlyCount "36"]
[EventDate "2009.04.08"]
[EventType "swiss"]
[EventRounds "7"]
[EventCountry "GER"]
[SourceTitle "EXT 2015"]
[Source "ChessBase"]
[SourceDate "2014.11.20"]
[SourceVersion "1"]
[SourceVersionDate "2014.11.20"]
[SourceQuality "1"]

1. e4 c5 2. Nf3 d6 3. Nc3 a6 4. Bc4 e6 5. 0-0 Nf6 6. Re1 b5 7. Bf1 Bb7 8. d3 Be7 9. e5 dxe5 10. Nxe5 0-0 11. Bg5 Qc7 12. Bf4 Qb6 13. Ng4 Nc6 14. Ne4 Nxe4 15. dxe4 Rad8 16. Qe2 Nd4 17. Qd3 f5 18. exf5 Nf3+ 0-1

[Event "Mittelfranken-ch NT 58th"]
[Site "Postbauer"]
[Date "2009.04.09"]
[Round "3"]
[White "Berntgen, Henri"]
[Black "Heider, Wolfgang"]
[Result "1-0"]
[WhiteElo "1285"]
[BlackElo "776"]
[PlyCount "73"]
[EventDate "2009.04.08"]
[EventType "swiss"]
[EventRounds "7"]
[EventCountry "GER"]
[SourceTitle "EXT 2015"]
[Source "ChessBase"]
[SourceDate "2014.11.20"]
[SourceVersion "1"]
[SourceVersionDate "2014.11.20"]
[SourceQuality "1"]

1. e4 e5 2. Nf3 Nc6 3. Bc4 Bc5 4. c3 d6 5. d4 b6 6. dxc5 bxc5 7. Qd5 Be6 8. Qxc6+ Ke7 9. Bxe6 Kxe6 10. Ng5+ Ke7 11. Qd5 Qf8 12. Nxf7 Nf6 13. Qc6 Kxf7 14. Qxc7+ Kg6 15. f3 Ne8 16. Qb7 Nf6 17. Nd2 a5 18. Nf1 Qf7 19. Qb5 Rhb8 20. Qd3 Rd8 21. c4 Ne8 22. h4 h5 23. Ng3 Kf6 24. Bg5+ Ke6 25. Qd5+ Kd7 26. Qxf7+ Kc6 27. Bxd8 Rxd8 28. Nf5 a4 29. Qa7 Rd7 30. Ne7+ Rxe7 31. Qxe7 Nc7 32. 0-0-0 g6 33. Rxd6+ Kb7 34. Rd7 Kb6 35. Rxc7 g5 36. Qxc5+ Ka6 37. Qb5# 1-0

[Event "Mittelfranken-ch NT 58th"]
[Site "Postbauer"]
[Date "2009.04.09"]
[Round "4"]
[White "Jesch, Alexander"]
[Black "Berntgen, Henri"]
[Result "0-1"]
[WhiteElo "1386"]
[BlackElo "1285"]
[PlyCount "70"]
[EventDate "2009.04.08"]
[EventType "swiss"]
[EventRounds "7"]
[EventCountry "GER"]
[SourceTitle "EXT 2015"]
[Source "ChessBase"]
[SourceDate "2014.11.20"]
[SourceVersion "1"]
[SourceVersionDate "2014.11.20"]
[SourceQuality "1"]

1. d4 e6 2. c4 d5 3. Nc3 Nf6 4. Bg5 Bb4 5. Qc2 dxc4 6. Nf3 b5 7. e3 Bb7 8. a4 a6 9. axb5 axb5 10. Rxa8 Bxa8 11. b3 Bxc3+ 12. Qxc3 cxb3 13. Bxb5+ Nbd7 14. Qxb3 Bd5 15. Qa4 c6 16. Bxc6 Bxc6 17. Qxc6 0-0 18. 0-0 Qb8 19. Rc1 Qb6 20. Qxb6 Nxb6 21. Bxf6 gxf6 22. e4 Ra8 23. g3 Ra3 24. Ne1 Na4 25. Rc2 Ra1 26. Kf1 Rd1 27. Rc4 Nb2 28. Rc8+ Kg7 29. Rd8 Na4 30. Ke2 Nc3+ 31. Kf3 Nxe4 32. Ke2 Nc3+ 33. Ke3 Nd5+ 34. Ke2 Rxd4 35. Nf3 Nc3+ 0-1